kku e-library facility

Understanding Physics for Advanced Level (Record no. 217)

MARC details
000 -LEADER
fixed length control field 00440nam a2200145 4500
005 - DATE AND TIME OF LATEST TRANSACTION
control field 20260414091803.0
008 - FIXED-LENGTH DATA ELEMENTS--GENERAL INFORMATION
fixed length control field 260414b |||||||| |||| 00| 0 eng d
020 ## - INTERNATIONAL STANDARD BOOK NUMBER
International Standard Book Number 0-7487-1579-7
100 ## - MAIN ENTRY--PERSONAL NAME
Personal name Breithaupt Jim
245 ## - TITLE STATEMENT
Title Understanding Physics for Advanced Level
Statement of responsibility, etc. /Jim Breithaupt
250 ## - EDITION STATEMENT
Edition statement 3rd ed
260 ## - PUBLICATION, DISTRIBUTION, ETC.
Place of publication, distribution, etc. Wellington Street, Cheltenham;
Name of publisher, distributor, etc. Stanley Thornes Publishers LTD:
Date of publication, distribution, etc. 1995
300 ## - PHYSICAL DESCRIPTION
Extent xix,554p.ill;
Dimensions 27cm
942 ## - ADDED ENTRY ELEMENTS (KOHA)
Source of classification or shelving scheme Library of Congress Classification
Suppress in OPAC No
Koha item type Books

No items available.

©2025 All rights reserved. KKU